Statistics for Formula 1: Drivers Who Have Placed 4th in World Driver's Championship

Click here to take the quiz!

General Stats

  • This quiz has been taken 771 times
    (269 since last reset)
  • The average score is 52 of 73

Answer Stats

SeasonDriverCountry% Correct
2015Kimi RäikkönenFinland
99%
2019Charles LeclercMonaco
98%
2012Lewis HamiltonUnited Kingdom
98%
2010Lewis HamiltonUnited Kingdom
98%
2013Lewis HamiltonUnited Kingdom
98%
2004Fernando AlonsoSpain
97%
2011Fernando AlonsoSpain
97%
2022George RussellUnited Kingdom
97%
2018Max VerstappenNetherlands
97%
2020Sergio PérezMexico
97%
2021Sergio PérezMexico
97%
2014Valtteri BottasFinland
96%
2007Felipe MassaBrazil
95%
2017Kimi RäikkönenFinland
95%
2009Mark WebberAustralia
95%
2002Ralf SchumacherGermany
95%
2001Ralf SchumacherGermany
95%
1993Michael SchumacherGermany
94%
1985Ayrton SennaBrazil
93%
1992Ayrton SennaBrazil
93%
1986Ayrton SennaBrazil
93%
2016Sebastian VettelGermany
93%
1987Alain ProstFrance
92%
1982Alain ProstFrance
92%
1974Niki LaudaAustria
92%
1978Niki LaudaAustria
92%
2008Robert KubicaPoland
92%
2003Rubens BarrichelloBrazil
91%
2000Rubens BarrichelloBrazil
91%
2005Juan Pablo MontoyaColombia
89%
1994Mika HäkkinenFinland
86%
1959Phil HillUnited States
86%
1999David CoulthardUnited Kingdom
85%
2006Giancarlo FisichellaItaly
81%
1990Gerhard BergerAustria
80%
1991Gerhard BergerAustria
80%
1989Nigel MansellUnited Kingdom
80%
1972Jacky IckxBelgium
77%
1968Jacky IckxBelgium
77%
1971Jacky IckxBelgium
77%
1975James HuntUnited Kingdom
72%
1966Denny HulmeNew Zealand
71%
1970Denny HulmeNew Zealand
71%
1969Jochen RindtAustria
71%
1998Eddie IrvineUnited Kingdom
70%
1951Giuseppe FarinaItaly
69%
1997Jean AlesiFrance
69%
1996Jean AlesiFrance
69%
1977Carlos ReutemannArgentina
68%
1963John SurteesUnited Kingdom
57%
1962John SurteesUnited Kingdom
57%
1967John SurteesUnited Kingdom
57%
1957Mike HawthornUnited Kingdom
57%
1953Mike HawthornUnited Kingdom
57%
1988Thierry BoutsenBelgium
53%
1981Jacques LaffiteFrance
51%
1980Jacques LaffiteFrance
51%
1979Jacques LaffiteFrance
51%
1995Johnny HerbertUnited Kingdom
49%
1984Michele AlboretoItaly
49%
1973François CevertFrance
40%
1983Patrick TambayFrance
38%
1954Maurice TrintignantFrance
36%
1955Maurice TrintignantFrance
36%
1961Dan GurneyUnited States
31%
1965Dan GurneyUnited States
31%
1976Patrick DepaillerFrance
30%
1964Lorenzo BandiniItaly
24%
1956Jean BehraFrance
21%
1960Innes IrelandUnited Kingdom
14%
1950Louis RosierFrance
11%
1952Rudi FischerSwitzerland
8%
1958Roy SalvadoriUnited Kingdom
4%

Score Distribution

Percentile by Number Answered

Percent of People with Each Score

Your Score History

You have not taken this quiz since the last reset